The Americas (except US) Geography by Letter - A - Statistics

General Stats
  • This quiz has been taken 1,175 times
  • The average score is 10 of 16
Answer Stats
Answer % Correct
World's largest river by volume Amazon
99%
South American country Argentina
98%
Canadian province Alberta
93%
Highest mountain range in the Americas Andes
92%
A Caribbean nation Antigua and Barbuda
92%
Capital of Paraguay Asuncion
87%
Worlds tallest waterfall Angel Falls
85%
Dutch island in the Caribbean Aruba
82%
Driest non-polar desert Atacama
67%
Used instead of archipelago to refer to Greater, Lesser, Leeward, or Windward Antilles
59%
City and beach resort on Mexican Pacific coast Acapulco
58%
Tallest mountain in the above range Aconcagua
49%
British overseas territory next to St Martin Anguilla
29%
Native language and group in Ontario and Quebec, also the name of a provincial park Algonquin
19%
Close to the Canadian tar sands, Lake _______ Athabasca
13%
Native tribe which greeted Colombus Arawak
12%
No matching quizzes found
Score Distribution
Percent of People with Each Score
Percentile by Number Answered
Your Score History
You have not taken this quiz